Statistiques concernant Table de 19

Cliquez ici pour prendre le quiz!

Statistiques générales

  • Ce quiz a été pris 69 fois
  • Le résultat moyen est 12 sur 20

Statistiques - réponses

HintRéponse% Correct
19 x 119
100%
19 x 238
100%
19 x 476
86%
19 x 357
81%
19 x 10190
76%
19 x 7133
71%
19 x 8152
71%
19 x 9171
71%
19 x 595
71%
19 x 6114
67%
19 x 11209
62%
19 x 12228
57%
19 x 13247
43%
19 x 14266
43%
19 x 15285
43%
19 x 16304
33%
19 x 17323
33%
19 x 20380
33%
19 x 19361
29%
19 x 18342
24%

Distribution des résultats

Percentile par nombre de réponses

% des personnes avec chaque résultat

Votre développement - résultats

Vous n’avez pas pris ce quiz